[Event "Mumbai Wealth op 4th"]
[Site "Mumbai"]
[Date "2019.01.03"]
[Round "5"]
[White "Ahsan, Ali Jewel"]
[Black "Mahindrakar, Indrajeet"]
[Result "0-1"]
[WhiteElo "1363"]
[BlackElo "2106"]
[PlyCount "36"]
[EventDate "2018.12.30"]
[EventType "swiss"]
[EventRounds "9"]
[EventCountry "IND"]
[SourceTitle "CBM 188 Extra"]
[Source "ChessBase"]
[SourceDate "2019.02.26"]
[SourceVersion "1"]
[SourceVersionDate "2019.02.26"]
[SourceQuality "1"]

1. d4 Nf6 2. c4 Nc6 3. Nc3 e5 4. Be3 Bb4 5. Qd2 0-0 6. g3 d5 7. c5 Ne4 8. Qd3 Bf5 9. Bg2 exd4 10. Bxd4 Nxc3 11. Qxf5 Nxd4 12. Qd3 Ne4+ 13. Kf1 Nd2+ 14. Ke1 Qf6 15. Kd1 Nc4 16. Kc1 Nxe2+ 17. Qxe2 Bd2+ 18. Kd1 Qxb2 0-1